Gestió de la Tresoreria /
Publicado:
Barcelona :
Diputació de Barcelona. Àrea d'Hisenda i Recursos Interns. Servei d'Assistència a la Gestió Econòmica Local ,
2010
Descripción Física:
98 pàgines ; 30 cm
Otros Autores:
García Clemente, Maria José
Idioma:
Catalán
MARC
| LEADER | 00000nam a2200000uc 4500 | ||
|---|---|---|---|
| 001 | 1017052 | ||
| 008 | s2010||||sp ||||gr|||| ||| ||cat|d | ||
| 040 | |a BGR |b cat | ||
| 245 | 0 | 0 | |a Gestió de la Tresoreria / |c organització i coordinació: Intervenció General, Servei d'Assistència a la Gestió Econòmica Local ; documentació realitzada per: Maria José García Clemente |
| 260 | |a Barcelona : |b Diputació de Barcelona. Àrea d'Hisenda i Recursos Interns. Servei d'Assistència a la Gestió Econòmica Local, |c 2010 | ||
| 300 | |a 98 pàgines ; |c 30 cm | ||
| 650 | 1 | 0 | |a Gestió de tresoreria |9 53666 |z Barcelona (Província) |
| 700 | |9 50061 |a García Clemente, Maria José | ||
| 710 | 1 | |a Barcelona (Catalunya : Província). |b Servei d’Assistència a la Gestió Econòmica Local |9 53081 | |
| 942 | |c ARXIU |2 udc |n 1 | ||
| 952 | |0 0 |1 0 |4 0 |6 BIB736 |7 1 |9 62585 |a Arxiu |b Arxiu |d 2022-06-30 |o Bib-736 |p 26098 |r 2022-06-30 00:00:00 |w 2022-06-30 |y ARXIU |z Donatiu BGR | ||
| 999 | |c 21256 |d 21256 | ||